Прикладные задачи исследования и расчета резьбовых соединений

Dades bibliogràfiques
Autor principal: Клячкин Н. Л. Николай Львович
Altres autors: Антонов И. С. Иван Степанович
Idioma:rus
Publicat: Саратов, Изд-во Саратовского ун-та, 1992
Matèries:
Format: Llibre
KOHA link:https://koha.lib.tpu.ru/cgi-bin/koha/opac-detail.pl?biblionumber=72390

MARC

LEADER 00000nam0a2200000 4500
001 72390
005 20231101212636.0
010 |a 5292012971 
035 |a (RuTPU)RU\TPU\book\77195 
035 |a RU\TPU\book\74624 
090 |a 72390 
100 |a 20050120d1992 m y0rusy50 ca 
101 0 |a rus 
102 |a RU 
105 |a a z 001zy 
200 1 |a Прикладные задачи исследования и расчета резьбовых соединений  |f Н. Л. Клячкин, И. С. Антонов 
210 |a Саратов  |c Изд-во Саратовского ун-та  |d 1992 
215 |a 144 с.  |c ил. 
320 |a Библиогр.: с. 137-143 
606 |a Резьбовые соединения  |x Расчет  |2 stltpush  |3 (RuTPU)RU\TPU\subj\24797  |9 49080 
610 1 |a расчет 
675 |a 621.882.001  |v 3 
700 1 |a Клячкин  |b Н. Л.  |g Николай Львович 
701 1 |a Антонов  |b И. С.  |g Иван Степанович 
801 2 |a RU  |b 63413507  |c 20171212  |g PSBO 
942 |c BK